| 000 | 00734cam a2200265 4500 | ||
|---|---|---|---|
| 001 | B1674 | ||
| 008 | 090401t1983 xxu||||| |||| 00| 0 eng d | ||
| 035 | _a(Sirsi) u45702 | ||
| 041 | _aeng | ||
| 050 | _a333.33016 | ||
| 110 |
_aMichael Laurie and Partners _92368 |
||
| 245 | 4 | _aThe MLP-EIU property performance index (and) the FRC property index 1978-1982 | |
| 260 |
_aLondon _bEconomist Intelligence Unit Limited _c1983 |
||
| 300 | _a16p. ; 30cm. | ||
| 350 | _a0 | ||
| 650 | _aFRANK RUSSEL COMPANY | ||
| 650 | _aINDUSTRIAL PROPERTY | ||
| 650 | _aOFFICES | ||
| 650 | _aPROPERTY INDEXES | ||
| 650 | _aPROPERTY INVESTMENT | ||
| 650 | _aSHOPS | ||
| 650 | _aUNITED STATES OF AMERICA | ||
| 942 | _n0 | ||
| 948 | _c04/03/1997 | ||
| 999 |
_c91807 _d91807 |
||